| 000 | 01677nab a2200229 i 4500 | ||
|---|---|---|---|
| 001 | 768714001 | ||
| 003 | CO-MdFUSB | ||
| 005 | 20240524120550.0 | ||
| 008 | 240524t1975 sp ||||| |||| 00| 0 spa d | ||
| 040 |
_bspa _cCO-MdFUSB _dCO-MdFUSB |
||
| 041 | _aspa | ||
| 100 |
_aBaum, Gregory, _d1923-2017 _eautor |
||
| 245 | 3 |
_aLa vocación de los intelectuales en la Iglesia _c/ Gregory Baum ; traducido por Jesús valiente Malla |
|
| 520 | _aPara comprender desde un punto de vista teológico la vocación de los intelectuales en la Iglesia podemos elegir el camino de la reflexión sobre la naturaleza misma de la religión cristiana. Dado que el cristianismo, al igual que el judaísmo, se basa en unos acontecimientos históricos que están consignados en una serie de Escrituras normativas, la práctica de la religión exige una lectura y un manejo cuidadosos de esos textos, unos medios sistemáticos para interpretarlos y diversas técnicas para trasladar el mensaje de los textos antiguos a la comunidad de fe contemporánea, de forma que aporten una respuesta a los interrogantes actuales. La misma naturaleza del cristianismo, por consiguiente, exige que determinados grupos de personas dediquen todas sus energías a las tareas intelectuales. | ||
| 650 | 7 |
_aReligión _9385 |
|
| 650 | 0 |
_aHermeneútica _xAspectos religiosos _xCristianismo. _91682 |
|
| 650 | 7 |
_aIglesia _9655 |
|
| 700 |
_aValiente Malla, Jesús, _etraductor |
||
| 773 | 0 |
_049450 _982682 _oR2591 _tRevista internacional de teología Concilium _w(CO-MdFUSB)8 _x0210-1041 _gVolumen 101, (enero, 1975) páginas: 25 - 36 _qpáginas: 25 |
|
| 942 | _cANA | ||
| 945 | _aCatherine Arias Álvarez - Practicante SENA | ||
| 999 |
_c69909 _d69909 |
||